00833nam a2200229Ia 4500003000900000008004100009020001800050040001600068080001900084245012000103260004800223300001000271650004100281650003200322650003500354700003500389700003000424700003200454942000700486999001500493952009500508IN-BaIIA211028s9999 xx 000 0 eng d a0-8243-0913-8 cIIA Library a(05)52bANN-13 0aAnnual review of astronomy and astrophysicsbvol. 13cedited by Geoffrey Burbidge, David Layzer and John G. Philips aPalo Alto, CaliforniabAnnual Reviewsc1975 a557p. aAstronomy and astrophysics thesaurus aAstronomy-Periodicals94087 aAstrophysics-Periodicals94088 aBurbidge, Geoffrey., ed.98528 aLayzer, David., ed.94091 aPhilips, John G., ed.97607 cBK c4795d4795 00104070aBANbBANcGENd1975-11-04l0o(05)52/ ANN-13p5362r2021-11-05w1975-11-04yBK